| 000 | 00846nam a2200241 i 4500 | ||
|---|---|---|---|
| 001 | bg | ||
| 100 | 1 | _aABRAMEK, Wiktor. | |
| 245 | 1 | 0 |
_aPrzykłady obliczeń elementów żelbetonowych według znowelizowanej normy PN-B-03264:1998. _nCz.1, _pPłyty i belki / _cWiktor Abramek. |
| 260 |
_aOpole : _bOficyna Wydawnicza PO, _c1999. |
||
| 300 |
_a250 s. : _brys. ; _c24 cm. |
||
| 490 | 1 |
_aSkrypt / Politechnika Opolska, _x1427-9932 ; _vnr 215 |
|
| 504 | _aBibliogr. i wykaz norm s. 217. | ||
| 650 | 9 |
_aBelka _xprojekty |
|
| 650 | 9 |
_aKonstrukcje żelbetowe _xprojekty |
|
| 650 | 9 |
_aPłyty konstrukcyjne _xprojekty |
|
| 655 | _aPodręczniki akademickie | ||
| 830 | 0 |
_aSkrypt (Politechnika Opolska) ; _vnr 215 |
|
| 040 | _cBPK | ||
| 041 | 0 | _apl | |
| 080 | _a624.012.45.001.13/.15(075.8) | ||
| 942 | _cKS | ||
| 008 | s pl f |000 0 pol | ||
| 999 |
_c37787 _d37787 |
||
| 856 |
_uhttp://koha.tu.koszalin.pl/cgi-bin/koha/opac-detail.pl?biblionumber=37787 _yKatalog online BPK |
||